Vista normal
Vista MARC
Entrada Materia (personas)
Número de registros utilizados en: 6
001 - CONTROL NUMBER
- control field: 51353
003 - CONTROL NUMBER IDENTIFIER
- control field: Co-BoUCM
005 - DATE AND TIME OF LATEST TRANSACTION
- control field: 20131126162302.0
008 - FIXED-LENGTH DATA ELEMENTS
- fixed length control field: 131126|| aca||aabn | a|a d
040 ## - CATALOGING SOURCE
- Original cataloging agency: Co-BoUCM
- Transcribing agency: Co-BoUCM
100 ## - HEADING--PERSONAL NAME
- Personal name: Kuhn, Thomas S.
670 ## - SOURCE DATA FOUND
- Source citation: Work cat.: (Co-BoUCM)182610: Stove, D. C. (David Charles) 51096, Scientific irrationalism, 2001